Επεξεργασία Κειμένου και Δακτυλογραφία. (Record no. 1143)
[ view plain ]
| 000 -LEADER | |
|---|---|
| fixed length control field | 01624cam a22002054a 4500 |
| 005 - ΗΜΕΡΟΜΗΝΙΑ ΚΑΙ ΩΡΑ ΤΕΛΕΥΤΑΙΑΣ ΕΝΗΜΕΡΩΣΗΣ | |
| Πεδίο ελέγχου | 20250605163959.0 |
| 008 - FIXED-LENGTH DATA ELEMENTS--GENERAL INFORMATION | |
| Πεδίο ελέγχου σταθερού μήκους | 250528s ||||||||||||||||||||||||d |
| 035 ## - SYSTEM CONTROL NUMBER | |
| System control number | 15573 |
| 020 ## - ISBN | |
| ISBN | 9602860103 |
| 040 ## - ΠΗΓΗ ΚΑΤΑΛΟΓΟΓΡΑΦΗΣΗΣ | |
| Φορέας πρωτότυπης καταλογογράφησης | MC Athens Campus Library |
| Γλώσσα καταλογογράφησης | Ελληνικά, Μοντέρνα (1453-) |
| Modifying agency | MC Athens Campus Library |
| Κανόνες περιγραφικής καταλογογράφησης | AACR2 |
| 245 1# - ΤΙΤΛΟΣ ΚΑΙ ΔΗΛΩΣΗ ΥΠΕΥΘΥΝΟΤΗΤΑΣ | |
| Τίτλος | Επεξεργασία Κειμένου και Δακτυλογραφία. |
| Number of part/section of a work | Α' Τόμος |
| 260 ## - PUBLICATION, DISTRIBUTION, ETC. | |
| Name of publisher, distributor, etc. | Έλλην, |
| Date of publication, distribution, etc. | 1992 |
| 300 ## - PHYSICAL DESCRIPTION | |
| Extent | 384 |
| 520 ## - SUMMARY, ETC. | |
| Summary, etc. | Ο Επεξεργαστής Κειμένου Quill, Εισαγωγή, Φύλαξη - Διόρθωση - Ανάκληση Εγγράφου, Δράση στο Κείμενο, Εκτύπωση Εγγράφου - Η Εντολή Print, Μορφοποίηση Σελίδας, Τύπος Γραφής, Στυλοποίηση - Ευθυγράμμιση Κειμένου, Διαμόρφωση Κειμένου, Διαμόρφωση Εκτυπούμενης Σελίδας, Περιπλάνηση στο Κείμενο, Διαχείριση Αρχείων Κειμένου, Αρχεία και MS-DOS, Τράπεζα Εγγράφων (Document Bank), Εκχώρηση Τιμών σε Πεδία Αρχείων Κειμένου, Αρχικές Συνθήκες - Βοήθεια, Διαμόρφωση Εκτυπωτή, Ελληνική Δακτυλογραφία, Εξοικείωση με το Πληκτρολόγιο, Χρήση των Λατινικών, Κείμενα με Υποσημειώσεις, Πληκτρολόγηση Βιβλιογραφίας. |
| 700 1# - ΠΡΟΣΘΕΤΗ ΑΝΑΓΡΑΦΗ--ΦΥΣΙΚΟ ΠΡΟΣΩΠΟ | |
| Personal name | Γλαμπεδακης Μ |
| 9 (RLIN) | 1526 |
| 700 1# - ΠΡΟΣΘΕΤΗ ΑΝΑΓΡΑΦΗ--ΦΥΣΙΚΟ ΠΡΟΣΩΠΟ | |
| Personal name | Ζωγραφάκης Ρ |
| 9 (RLIN) | 1527 |
| 942 ## - ADDED ENTRY ELEMENTS (KOHA) | |
| Koha item type | Books |
| Τύπος τεκμηρίου | Βιβλιοθήκη | Τρέχουσα τοποθεσία | Barcode | Αριθμός εισαγωγής | Ημερομηνία απόκτησης | Ταξιθετικό σύμβολο | Αριθμός αντιτύπου | Κατάσταση απόσυρσης | Κατάσταση χαμένου | Κατάσταση κατεστραμμένου | Μη δανεισμός | Σύνολο δανεισμών | Ημερομηνία τελευταίας εμφάνισης | Η τιμή ισχύει από |
|---|---|---|---|---|---|---|---|---|---|---|---|---|---|---|
| Books | MC Athens Campus Library | MC Athens Campus Library | 9780000011428 | 1920 | 05/06/2025 | 651.842 GLA V.A | 1 | 05/06/2025 | 05/06/2025 |